Central Library OPAC University of Rajshahi

The Sikkim saga / (Record no. 27597)

MARC details
000 -LEADER
fixed length control field 00705nam a22002531 4500
001 - CONTROL NUMBER
control field 27597
003 - CONTROL NUMBER IDENTIFIER
rucl marc code BD-RjUL
005 - DATE AND TIME OF LATEST TRANSACTION
control field 20211209051157.0
008 - FIXED-LENGTH DATA ELEMENTS--GENERAL INFORMATION
fixed length control field 140325t1983 ii af 001 0 eng d
020 ## - INTERNATIONAL STANDARD BOOK NUMBER
International Standard Book Number 0706919718
035 ## - SYSTEM CONTROL NUMBER
System control number (BD-RjUL)27671
040 ## - CATALOGING SOURCE
Original cataloging agency DLC
Language of cataloging eng
Transcribing agency DLC
Modifying agency BD-RjUL
041 ## - LANGUAGE CODE
Language code of text/sound track or separate title eng
082 04 - DEWEY DECIMAL CLASSIFICATION NUMBER
Classification number 954.27
Author mark and year DAS 1983
100 1# - MAIN ENTRY--PERSONAL NAME
Personal name Das, B.S
Fuller form of name (Brajbir Saran),
Dates associated with a name 1925-
9 (RLIN) 84752
245 14 - TITLE STATEMENT
Title The Sikkim saga /
Statement of responsibility, etc. B.S. Das
260 ## - PUBLICATION, DISTRIBUTION, ETC. (IMPRINT)
Place of publication, distribution, etc. New Delhi :
Name of publisher, distributor, etc. Vikas Pub. House,
Date of publication, distribution, etc. c1983.
300 ## - PHYSICAL DESCRIPTION
Pagination x, 166 p. :
Illustrations ill ;
Size 22 cm
504 ## - BIBLIOGRAPHY, ETC. NOTE
Bibliography, etc Includes index
651 #0 - SUBJECT ADDED ENTRY--GEOGRAPHIC NAME
Geographic name Sikkim (India)
General subdivision Politics and government
9 (RLIN) 84753
942 ## - ADDED ENTRY ELEMENTS (KOHA)
Source of classification or shelving scheme Dewey Decimal Classification
Koha item type Books
Holdings
Lost status Source of classification or shelving scheme Damaged status Not for loan Collection code Permanent Location Current Location Shelving location Date acquired Source of acquisition Cost, normal purchase price Total Checkouts Full call number Date last seen Copy number Koha item type
  Dewey Decimal Classification   Added to bundle Non-fiction Central Library, University of Rajshahi Central Library, University of Rajshahi Reading Room 10/06/1984 U.P. Ltd Dacca 95.00   954.27 DAS 1983 25/03/2014 C-1 Books